00385nam a2200097Ia 4500008004100000100001700041245013300058260002700191650002000218856004900238171212s9999 xx 000 0 und d aHealth, RAND cHealth, RANDaResources and Capabilities of the Department of Veterans Affairs to Provide Timely and Accessible Care to Veterans bRAND Corporationc2015 aHealth Sciences uhttp://jstor.org/stable/10.7249/j.ctt19w7322